| 000 | 00829nam a22002177a 4500 | ||
|---|---|---|---|
| 999 |
_c2823 _d2823 |
||
| 003 | AR-CdUCM | ||
| 008 | 190305b ||||| |||| 00| 0 spa d | ||
| 040 |
_aMUNICIPALIDAD PROVINCIAL DEL CUSCO _cBIBLIOTECA MUNICIPAL DEL CUSCO |
||
| 082 |
_a335.4 / _bE61 |
||
| 100 |
_aEngels, Friedrich _99821 |
||
| 245 |
_aAnti-Dühring : _bLa subversión de la ciencia por el señor Eugen Dühring / |
||
| 260 |
_aMéxico : _bEditorial Grijalbo, _c1968. |
||
| 300 |
_axxxix, 347 paginas ; _c22 cm. |
||
| 505 | _aContenido :Filosofía -- Economía política -- Socialismo -- Estado, familia, educación -- Capital y plusvalía ... | ||
| 650 |
_aMarxismo _924 |
||
| 650 |
_aMaterialismo dialectico _96846 |
||
| 650 |
_aEconomía marxista _99822 |
||
| 700 |
_aSacristan Luzon, Manuel (traductor) _94716 |
||
| 942 |
_2ddc _cLIBROS |
||
| 945 | _arum | ||